[Event "V Copa Marcel Duchamp 2022"]
[Site "Montevideo"]
[Date "2022.02.13"]
[Round "2.3"]
[White "Brizzi, Milagros Tatiana"]
[Black "Perez Ponsa, Federico"]
[Result "0-1"]
[WhiteElo "2063"]
[BlackElo "2553"]
[Annotator "TA"]
[PlyCount "72"]
[EventDate "2022.02.12"]
[EventCountry "URU"]
[SourceTitle "playchess.com"]
[Source "ChessBase"]
[SourceQuality "1"]

{[%evp 24,72,24,31,13,12,28,-16,-9,-16,-30,-9,-16,0,0,-60,-51,-71,-46,-87,-71,-113,-110,-143,-133,-175,-174,-250,-212,-247,-260,-495,-497,-705,-695,-662,-677,-637,-614,-867,-836,-6164,-6170,-6075,-6075,-6075,-6075,-5302,-5297,-1237,-1025]} 1. e4 c5 2. Nf3 d6 3. d4 cxd4 4. Nxd4 Nf6 5. Nc3 a6 6. Be3 e5 7. Nb3 Be7 8. f3 Be6 9. Qd2 O-O 10. O-O-O Nbd7 11. g4 {[%cal Bg2g4,Bg4g5][%mdl 32]} b5 12. g5 Nh5 $1 {[%mdl 4] is currently scoring better than 12...b4.} 13. Nd5 Bxd5 {B90: Sicilian Najdorf: Unusual White 6th moves, 6 Be3 Ng4 and 6 Be3 e5.} 14. exd5 f6 {[%cal Rf6g5]} 15. Na5 (15. g6 {is superior.}) 15... fxg5 $11 {The position is equal.} 16. Nc6 Qe8 17. Nxe7+ Qxe7 18. Bxg5 Qe8 19. Bh3 {[#]} ({White should play} 19. Qb4 $11) 19... Nf4 $146 ({But not} 19... Rxf3 20. Be6+ Kh8 21. Qe2 $11) ({Predecessor:} 19... Kh8 20. Qb4 Nc5 21. Qh4 Ra7 22. Rhe1 Rc7 23. Kb1 Qg6 24. Rd2 Nf4 25. Bxf4 exf4 {1-0 (45) Jaeschke,F (1948)-Zuse,P (2215) Baden 2019}) 20. Be6+ Kh8 21. h4 (21. Rhg1 $15) 21... Nc5 {Pair of Knights!} ({Don't do} 21... Nxe6 22. dxe6 Qxe6 23. Qxd6 Qxd6 24. Rxd6 $14) 22. Kb1 {[#]} (22. Rhg1 $142) 22... h6 $1 $36 {[%mdl 2048] Keeping White busy.} ({Not} 22... Ncxe6 23. dxe6 Nxe6 24. Qxd6 $15) 23. Bxf4 Rxf4 24. Bg4 (24. Qe3 $17) 24... b4 25. Qg2 (25. Rdg1 {is a better defense.}) 25... Qg6 26. Rhg1 Qf6 {White must now prevent ...e4.} 27. h5 $2 (27. Rde1) 27... e4 $19 {Hoping for ...Na4. Black is clearly winning.} 28. fxe4 {[#]} (28. Qd2 $142 exf3 29. Bh3) 28... Na4 $1 {[%csl Ga4][%cal Rf6b2]} 29. e5 Qxe5 {[%csl Ga4][%cal Re5b2]} 30. c3 bxc3 31. Rge1 {[#]} Rxg4 $1 {[%mdl 512]} 32. Qxg4 (32. Qc2 Qxh5) 32... c2+ $1 {[%mdl 64] Decoy} 33. Kxc2 Qxb2+ 34. Kd3 Nc5+ 35. Ke3 Re8+ 36. Kf3 Rf8+ {White did not feel at home in the position after the opening.  Weighted Error Value: White=0.72/Black=0.03 (flawless)} 0-1

[Event "V Copa Marcel Duchamp 2022"]
[Site "Montevideo"]
[Date "2022.02.13"]
[Round "2.4"]
[White "Hungaski, Robert"]
[Black "Pichuaga, Juan Pablo"]
[Result "1-0"]
[WhiteElo "2537"]
[BlackElo "2030"]
[Annotator "TA"]
[PlyCount "105"]
[EventDate "2022.02.12"]
[EventCountry "URU"]
[SourceTitle "playchess.com"]
[Source "ChessBase"]
[SourceQuality "1"]

{[%evp 18,105,56,34,63,64,79,81,66,75,91,96,72,35,41,35,43,43,45,24,41,31,56,48,72,65,76,69,60,61,69,58,90,67,90,84,78,70,84,81,93,88,125,77,112,93,82,83,125,93,173,159,158,164,186,179,182,179,175,159,154,164,201,188,354,347,332,321,748,714,12838,12839,12839,12839,12840,12840,12841,12841,12841,12842,12837,12838,12842,12840,12842,12843,12844,12844,12844,12844]} 1. d4 d5 2. c4 e6 3. Nf3 Nf6 4. g3 Be7 5. Bg2 O-O 6. O-O c6 7. Qc2 Ne4 8. Nbd2 f5 9. Ne5 Nd7 10. Nd3 (10. Bxe4 fxe4 11. Nxd7 Qxd7 $15) 10... Nxd2 {A92: Classical Dutch: Classical Stonewall (with ...Be7): Early deviations.} 11. Bxd2 dxc4 12. Qxc4 Nb6 {White is better.} 13. Qc3 {White is more active.} Nd5 14. Qc2 {[#]} Bd7 $146 ({Predecessor:} 14... Kh8 15. a3 Qd6 16. e3 Re8 17. Bb4 Nxb4 18. axb4 Bf6 19. f4 Rf8 20. Qc5 Qxc5 21. bxc5 {½-½ (69) Kretschmer,T-Aubertin,T (2003) Heusweiler 2007}) 15. Bf4 (15. e4 {looks sharper.} fxe4 16. Bxe4 h6 17. Rae1 Be8 18. a3) 15... Nxf4 16. Nxf4 Bd6 17. Nd3 Qe7 18. Qc3 Rad8 19. e3 Bc8 20. b4 Rfe8 21. f4 g5 22. a4 a6 23. Bf3 Rf8 24. Ra2 g4 25. Bg2 Qg7 26. Rb2 Rf7 27. Rc1 Rc7 28. Qb3 h5 29. Rbc2 Re8 30. Kf2 (30. b5 $142) 30... h4 $16 31. Ne5 (31. gxh4 $6 Qh6 $14) 31... Bxe5 32. dxe5 Rce7 ({Black should try} 32... Rd8) 33. b5 (33. gxh4 $6 Qh6 $11) 33... hxg3+ (33... axb5 $16 {is a better defense.} 34. axb5 (34. gxh4 bxa4 35. Qxa4 Qh6 $17) 34... h3) 34. hxg3 $18 (34. Kxg3 axb5 35. axb5 Bd7 $11) 34... axb5 35. axb5 Bd7 36. b6 ({But not} 36. bxc6 $6 Bxc6 37. Bxc6 bxc6 $16) 36... Qf7 37. Rd1 Ra8 38. Ra2 Rxa2+ 39. Qxa2 Be8 40. Rd6 Rd7 $2 (40... Kg7 {was necessary.} 41. e4 Qf8) 41. Qxe6 ({Inferior is} 41. Rxe6 Kg7 42. e4 Qg8 43. exf5 Bf7 $11) 41... Qxe6 42. Rxe6 {[%mdl 4096] Endgame KRB-KRB} Bf7 (42... Kf8 43. Rf6+ Kg7 44. Rxf5 Rd2+ 45. Kg1 Rd1+ 46. Kh2 Rd2) 43. Rd6 {White is clearly winning.} Rxd6 44. exd6 {[#] Intending d7 and mate. KB-KB} Be8 45. e4 fxe4 46. Bxe4 Bd7 47. Ke3 {Threatening mate with Kd4.} Kf7 48. f5 Kf6 49. Kf4 Be8 50. Bc2 Bd7 51. Bd3 Bc8 {[#]} 52. Ba6 $1 {[%mdl 512]} c5 53. Bb5 {Weighted Error Value: White=0.10 (very precise) /Black=0.21 (precise)} 1-0

[Event "V Copa Marcel Duchamp 2022"]
[Site "Montevideo"]
[Date "2022.02.13"]
[Round "2.5"]
[White "Mateus, Martha"]
[Black "Lima, Darcy"]
[Result "0-1"]
[WhiteElo "2019"]
[BlackElo "2507"]
[Annotator "TA"]
[PlyCount "78"]
[EventDate "2022.02.12"]
[EventCountry "URU"]
[SourceTitle "playchess.com"]
[Source "ChessBase"]
[SourceQuality "1"]

{[%evp 15,78,33,39,38,47,23,33,6,18,6,14,0,0,3,0,14,0,-31,-30,-21,0,-22,-11,-25,-39,-31,0,0,0,-34,-27,-44,-41,-37,-35,-78,-63,-50,-36,-79,-83,-131,-121,-129,-118,-121,-94,-383,-371,-413,-433,-426,-430,-544,-417,-483,-494,-467,-479,-415,-393,-733,-712,-1371,-1356]} 1. e4 e5 2. Nf3 Nc6 3. Nc3 Nf6 4. d4 exd4 5. Nxd4 d6 6. Bb5 Bd7 7. Bxc6 bxc6 8. Qf3 c5 9. Nf5 {C62: Ruy Lopez: Steinitz Defence.} h6 10. O-O g6 11. Ng3 {White is slightly better.} Bg7 12. e5 dxe5 13. Be3 O-O $1 ({Resist} 13... Rb8 14. Bxc5 Bg4 15. Qc6+ Qd7 16. Qa6 $16) 14. Bxc5 Re8 15. Rad1 Qc8 {[#]} 16. Nd5 $146 ({Predecessor:} 16. Qd3 Bc6 17. f3 Nd7 18. Be3 Nf8 19. Nge4 Ne6 20. Qc4 Bb7 21. Nc5 Nd4 22. Rf2 {0-1 (64) Alvarado Rodriguez,C-Requejo,O (2205) Peru 1995}) 16... Nxd5 17. Qxd5 Bb5 18. Rfe1 (18. c4 $5 {[%cal Rc4b5]} Ba6 19. b3 $11) 18... Qa6 19. Ba3 Bc6 {A strong pair of Bishops.} 20. Qd3 Qa4 21. Qb3 Qh4 22. Re3 Rad8 23. Rde1 Re6 24. Bc5 a5 25. Nf1 (25. Rd3 $15 {might be stronger.}) 25... Rd5 $40 {[%mdl 128] Black is up to no good. Black is more active.} 26. Qa3 a4 27. Rh3 (27. b4 $15) 27... Qd8 $17 28. Ne3 {Inhibits Rd1.} (28. b4 $142) 28... Rd7 29. Qb4 f5 {[%cal Bf7f5,Bf5f4][%mdl 32] White must now prevent ...f4.} 30. Qc4 Kf7 31. Ba3 $2 {[%mdl 8192] [#] Now White is beyond hope.} (31. Rg3 $17) 31... f4 $1 $19 ({And not} 31... Rd4 32. Qf1 $17) 32. Nf1 Rd4 33. Qc5 Qg5 {[%csl Gc6][%cal Rg5g2]} 34. f3 Qd8 35. c3 Rd1 36. Rxd1 Qxd1 37. Qa7 Qd7 {aiming for ...Bb5.} 38. Qb8 (38. Qf2 Re8 39. Bb4) 38... g5 {[#] And now ...Bb5 would win.} 39. g3 Re8 {Weighted Error Value: White=0.59/Black=0.08 (flawless)} 0-1

[Event "V Copa Marcel Duchamp 2022"]
[Site "Montevideo"]
[Date "2022.02.13"]
[Round "2.6"]
[White "Morovic Fernandez, Ivan"]
[Black "Cordero, Daniela"]
[Result "1-0"]
[WhiteElo "2498"]
[BlackElo "2011"]
[Annotator "TA"]
[PlyCount "81"]
[EventDate "2022.02.12"]
[EventCountry "URU"]
[SourceTitle "playchess.com"]
[Source "ChessBase"]
[SourceQuality "1"]

{[%evp 9,81,0,18,10,17,25,21,24,28,23,37,45,41,32,34,37,32,32,44,11,1,12,8,10,5,-3,-2,0,0,0,260,222,225,236,264,275,437,430,696,689,697,699,691,687,670,660,573,557,660,654,647,631,662,633,634,626,727,664,653,625,760,736,758,731,775,767,900,872,957,936,944,912,948,937]} 1. e4 e6 2. d4 d5 3. e5 c5 4. c3 Bd7 5. Nf3 Ne7 6. Na3 {C02: French: Advance Variation.} Qb6 {[#]} 7. dxc5 $146 ({Predecessor:} 7. Nc2 Bb5 8. dxc5 Qxc5 9. Be3 Qc6 10. Ncd4 Qc8 11. Bxb5+ Nbc6 12. Bxc6+ Nxc6 13. Nxc6 Qxc6 14. O-O {1-0 (61) Hung,J-Patel,P (862) Wahroonga 2014}) 7... Qxc5 8. Bd3 {The position is equal.} Ng6 9. O-O Be7 10. Qe2 Qc7 11. Nc2 Nc6 {[%cal Rc6e5]} 12. Re1 f6 13. exf6 gxf6 14. c4 dxc4 15. Bxc4 {Threatening Ncd4.} e5 {To avoid Ncd4} 16. Bh6 {aiming for Ne3.} Bf8 17. Bxf8 Rxf8 18. Ne3 Nf4 19. Qc2 $36 {[%mdl 2048] Black must now prevent g3. White is pushing.} h5 $2 {[%mdl 8192] Black is on the road to losing.} (19... O-O-O $11 {and Black stays safe.}) 20. Nd5 $18 Nxd5 {[#]} 21. Qg6+ $1 ({Worse is} 21. Bxd5 O-O-O $11) 21... Ke7 {...Be6 is the strong threat.} 22. Bxd5 {Hoping for Qg7+.} Be8 (22... Rae8 {was worth a try.} 23. Rad1 (23. Qxh5 Kd8 $18) 23... Kd8 24. Bxc6 (24. Qxh5 Kc8 $16) 24... Qxc6) 23. Qg7+ {White is clearly winning.} Bf7 {[#]} (23... Rf7 $142 24. Qg8 Rd8) 24. Ng5 $1 {[%mdl 512]} fxg5 25. Bxc6 bxc6 26. Rxe5+ Qxe5 27. Qxe5+ Kd7 28. Qxg5 Rae8 29. Qa5 Bd5 30. Qxa7+ Kd6 31. Qa3+ Kc7 32. Qa5+ Kd6 33. Re1 Rxe1+ 34. Qxe1 {[%mdl 4096] Endgame KQ-KRB} Rg8 35. g3 Kd7 36. f4 h4 37. Kf2 hxg3+ 38. hxg3 Rh8 39. Qc3 {Qg7+ would kill now.} Rh2+ 40. Ke3 Rg2 41. Qg7+ {Weighted Error Value: White=0.06 (flawless) /Black=0.52} 1-0

[Event "V Copa Marcel Duchamp 2022"]
[Site "Montevideo"]
[Date "2022.02.13"]
[Round "2.7"]
[White "Siddeley, Hugh"]
[Black "Santiago, Yago De Moura"]
[Result "0-1"]
[WhiteElo "2000"]
[BlackElo "2494"]
[Annotator "TA"]
[PlyCount "46"]
[EventDate "2022.02.12"]
[EventCountry "URU"]
[SourceTitle "playchess.com"]
[Source "ChessBase"]
[SourceQuality "1"]

{[%evp 9,46,12,8,7,7,12,14,15,21,13,6,0,14,-33,-48,-38,-45,-32,-32,-97,-66,-75,-72,-79,-79,-111,-109,-119,-118,-111,-119,-112,-83,-173,-173,-253,-281,-312,-305]} 1. e4 c6 2. d4 d5 3. e5 c5 4. dxc5 e6 5. a3 Bxc5 6. b4 {B12: Caro-Kann: Advance Variation.} Be7 7. Nf3 Nd7 (7... a5 $5 {[%cal Ra5b4]}) 8. Bd3 {The position is equal.} a5 9. b5 f6 10. Bb2 Nh6 11. O-O (11. Nbd2 $11) 11... Nf7 $1 $15 {[%cal Rf6e5]} 12. exf6 Bxf6 13. Bxf6 Qxf6 14. Nbd2 {[#]} (14. c3 $15) 14... e5 $1 $17 {[%cal Be6e5,Be5e4][%mdl 32]} 15. Ne1 e4 16. Be2 Nc5 {[#] ...Na4 is the strong threat.} 17. a4 $146 ({Predecessor:} 17. f3 e3 18. Nb3 Nxb3 19. cxb3 d4 20. Bd3 Be6 21. f4 O-O 22. Rc1 Rac8 23. Rxc8 Rxc8 {0-1 (30) Jenkinson,S (2234)-Mulligan,B (2397) ICCF email 2017}) 17... O-O {Black is much more active.} 18. Nb3 Nxb3 19. cxb3 d4 $36 {[%cal Bd5d4,Bd4d3][%mdl 2080] Black has strong initiative.} 20. Bc4 Rd8 21. Ra2 (21. Nc2 $17 {is a better defense.}) 21... Be6 $19 {Strongly threatening ...Bxc4.} 22. Bxe6 (22. Re2 {was necessary.} Bxc4 23. bxc4) 22... Qxe6 23. Rd2 d3 {Weighted Error Value: White=0.20 (precise) /Black=0.02 (flawless)} 0-1

[Event "V Copa Marcel Duchamp 2022"]
[Site "Montevideo"]
[Date "2022.02.13"]
[Round "2.8"]
[White "Ricardi, Pablo"]
[Black "Meza, Anahi"]
[Result "1-0"]
[WhiteElo "2464"]
[BlackElo "1996"]
[Annotator "TA"]
[PlyCount "53"]
[EventDate "2022.02.12"]
[EventCountry "URU"]
[SourceTitle "playchess.com"]
[Source "ChessBase"]
[SourceQuality "1"]

{[%evp 12,53,17,16,47,37,31,14,8,0,0,-3,0,-19,-20,-45,-58,-70,-68,-73,-63,-92,-91,-108,-52,-57,-58,-49,-58,-50,-47,-50,-53,-61,-22,-14,-21,-14,-25,-54,320,316,627,627]} 1. e4 c5 2. Nf3 Nc6 3. Bb5 e6 4. O-O Nge7 5. c3 a6 6. Ba4 b5 7. Bc2 c4 {B30: Sicilian: 2...Nc6 3 Bb5, lines without ...g6.} 8. b3 Ng6 9. bxc4 bxc4 {The position is equal.} 10. Na3 Na5 11. Rb1 Qc7 {[#]} 12. Re1 $146 ({Predecessor:} 12. d4 cxd3 13. Qxd3 Bc5 14. Be3 Bxe3 15. Qxe3 Bb7 16. Rb6 O-O 17. Rd1 Rfc8 18. c4 {½-½ (36) Baumann,D (1988)-Hrvacic,P (2002) LSS email 2009}) 12... Bc5 13. e5 Bb7 14. Be4 Bxe4 15. Rxe4 {[#]} O-O $1 {[%cal Bh8f8,Bf8b8,Bb8b2][%mdl 32]} 16. Nc2 f5 17. Re1 Qa7 ({Better is} 17... Rfb8 $17 18. Rxb8+ Rxb8) 18. d4 $15 cxd3 $1 19. Ncd4 Rab8 20. Rxb8 Rxb8 21. Qxd3 Nc6 22. h4 Nge7 23. Be3 {And now Nxc6 would win.} Rb2 24. h5 h6 25. Rd1 Nxd4 $2 {[%mdl 8192] [#]} (25... Rxa2 $15 26. Qc4 Ra5) 26. cxd4 $18 Bb6 (26... Bb4 27. Bc1 Rxa2) 27. Qa3 $1 {[%csl LRb2,LRe7] Weighted Error Value: White=0.10 (very precise) /Black=0.59} 1-0

[Event "V Copa Marcel Duchamp 2022"]
[Site "Montevideo"]
[Date "2022.02.13"]
[Round "2.9"]
[White "Escofet, Jaime"]
[Black "Perdomo, Leandro"]
[Result "0-1"]
[WhiteElo "1981"]
[BlackElo "2447"]
[Annotator "TA"]
[PlyCount "80"]
[EventDate "2022.02.12"]
[EventCountry "URU"]
[SourceTitle "playchess.com"]
[Source "ChessBase"]
[SourceQuality "1"]

{[%evp 13,80,4,3,-11,-8,-11,-10,-17,10,-16,-23,-29,-24,-41,-30,-53,8,-18,-7,-31,-31,-25,3,-13,46,26,56,-45,-50,-50,-44,-39,-50,-55,-47,-96,-52,-156,-134,-149,-139,-145,-162,-197,-164,-171,-147,-517,-364,-816,-812,-792,-795,-735,-91,-86,-86,-533,-352,-335,0,-491,-499,-2190,-2234,-1931,-1684,-4974,-1420]} 1. e4 e5 2. Nf3 Nc6 3. Bb5 a6 4. Bxc6 dxc6 5. O-O Bg4 {[%cal Bc8g4,Bg4h5,Bh5f7][%mdl 32]} 6. h3 Bh5 7. d3 Bd6 8. Nbd2 {[%cal Bb1d2,Bd2c4,Bc4e3][%mdl 32] C68: Ruy Lopez: Exchange Variation, sidelines.} Ne7 9. Nc4 f6 10. c3 {[#] The position is equal.} Bf7 $146 ({Predecessor:} 10... c5 11. a4 O-O 12. a5 Qd7 13. Nfxe5 Qe8 14. Ng4 Nc6 15. Nxd6 cxd6 16. f3 Bf7 {½-½ (45) Ferreira,A (2083)-Gaisinsky,A (2120) Guelph 2018}) 11. Ne3 Qd7 12. d4 exd4 13. cxd4 Bf4 14. Qe2 O-O (14... O-O-O $15) 15. Nc4 Ng6 16. b3 Rfe8 {[%cal Of7d5]} 17. Re1 b5 18. Nb2 (18. Na5 $5 {[%cal Rc1f4]}) 18... f5 (18... Bd6 $11) 19. e5 $14 Bd5 20. Be3 ({Only move:} 20. Nd3 $14 Bxc1 21. Raxc1) 20... Bxe3 $1 $15 21. fxe3 c5 $1 22. Rad1 cxd4 23. exd4 Nf4 24. Qe3 {[#]} (24. Qf2 $15) 24... Ne6 {Black is much more active.} (24... Nxh3+ $1 $17 25. gxh3 f4 26. Qxf4 (26. e6 $2 Rxe6 27. Ne5 Rg6+ 28. Kf1 Qe6 $19) 26... Qxh3) 25. Rd2 (25. Nd3 $1 $15) 25... Rad8 {And now ...f4 would win.} 26. Red1 f4 $36 {[%mdl 2048] Keeping White busy.} 27. Qf2 Rf8 28. Qh4 Bxf3 29. gxf3 {Strongly threatening d5.} Qd5 30. Kf2 {[%mdl 8192]} (30. Qg4 $17) 30... c5 {[%cal Re6d4]} 31. dxc5 $2 (31. Qg4 Nxd4 32. Re1) 31... Qxd2+ $19 32. Rxd2 Rxd2+ 33. Kf1 Nd4 $2 (33... Re8 $19 {and Black stays clearly on top.} 34. a4 Rxb2) 34. Qe7 $17 {[%cal Oe7d6]} Nxf3 35. c6 $2 {[%mdl 8192]} Nh2+ 36. Ke1 Nf3+ {Chess con chili.} (36... Rxb2 $142 37. Kd1 f3) 37. Kf1 $19 {[%cal Oc6c7]} Rxb2 {Black is clearly winning.} 38. Qe6+ (38. c7 $142 Rc2 39. Qe6+ Kh8 40. Qd6) 38... Kh8 {( -> ...Nh2+)} 39. Qe7 Rg8 {White must now prevent ...Nh2+.} 40. Qc5 Nh2+ {Weighted Error Value: White=1.02/Black=0.52} 0-1

[Event "V Copa Marcel Duchamp 2022"]
[Site "Montevideo"]
[Date "2022.02.13"]
[Round "2.10"]
[White "Diaz Hollemaert, Nahuel"]
[Black "Gaye, Gustavo"]
[Result "1-0"]
[WhiteElo "2439"]
[BlackElo "1990"]
[Annotator "TA"]
[PlyCount "37"]
[EventDate "2022.02.12"]
[EventCountry "URU"]
[SourceTitle "playchess.com"]
[Source "ChessBase"]
[SourceQuality "1"]

{[%evp 9,37,-21,-20,-21,0,0,2,0,8,0,6,-75,-17,-29,-16,-22,30,43,54,61,84,73,81,84,159,168,370,346,347,320]} 1. b3 Nf6 2. Bb2 d6 3. f4 c5 4. Nf3 g6 5. e4 Bg7 6. Bb5+ {A02: Bird's Opening.} Bd7 (6... Nbd7 $5 {[%cal Re8g8]}) 7. Bxd7+ Qxd7 8. O-O {The position is equal.} O-O 9. d3 Nc6 10. Nbd2 {[#]} (10. Na3 $11 {remains equal.}) 10... b5 {[#]} (10... Nxe4 $1 $17 11. Bxg7 Nxd2 12. Qxd2 Kxg7) 11. Qe2 $146 ({Predecessor:} 11. c4 a6 12. h3 Nh5 13. Bxg7 Kxg7 14. Ne1 e5 15. f5 Qd8 16. g4 Nf4 17. a3 Nxh3+ {0-1 (25) Lemos,P-Gomes,L (2262) Varginha 2004}) 11... a6 (11... Qg4 {is interesting.} 12. h3 Qg3 13. e5 Nh5 14. Ne4 Qxf4 15. c4 bxc4 16. dxc4 Ng3) 12. Rae1 e6 ({Black should try} 12... e5) 13. e5 $11 Nd5 14. g3 Nc7 15. Ne4 Ne8 16. c4 {exd6 is the strong threat. White is much more active.} dxe5 (16... f5 $142) 17. fxe5 $16 Nd4 $2 {[#]} (17... Qe7 18. Qf2 Nc7) 18. Nxd4 $18 cxd4 19. Ba3 {Weighted Error Value: White=0.12 (very precise) /Black=0.34} 1-0

[Event "V Copa Marcel Duchamp 2022"]
[Site "Montevideo"]
[Date "2022.02.13"]
[Round "2.11"]
[White "Araque, Jairo"]
[Black "Valerga, Diego"]
[Result "0-1"]
[WhiteElo "1970"]
[BlackElo "2431"]
[Annotator "TA"]
[PlyCount "42"]
[EventDate "2022.02.12"]
[EventCountry "URU"]
[SourceTitle "playchess.com"]
[Source "ChessBase"]
[SourceQuality "1"]

{[%evp 9,42,13,22,-27,-35,-19,0,-89,-64,-57,8,-47,-38,-86,-91,-147,-141,-163,-155,-208,-149,-188,-181,-195,-191,-333,-308,-415,-431,-841,-845,-969,-961,-938,-917]} 1. d4 Nf6 2. Bf4 e6 3. e3 c5 4. Nc3 cxd4 5. exd4 Bb4 6. a3 {A45: Trompowsky Attack.} (6. Bd3 $142) 6... Bxc3+ $11 7. bxc3 Qa5 {[#]} 8. Qf3 $146 (8. Bd2 $11) ({Predecessor:} 8. Qd3 b6 9. Bd2 Ba6 10. c4 Qa4 11. Qb3 Qc6 12. Nf3 d6 13. Bd3 Nbd7 14. d5 exd5 15. cxd5 {1-0 (63) Steinbring,R (1870)-Biessner,E (1763) Hilden 2004}) 8... Nc6 $17 {[%cal Bb8c6,Bc6e7,Be7d5,Bd5c3,Bc3e4][%mdl 32]} 9. Bd2 b6 (9... O-O $15 10. Qd1 d5) 10. Be2 (10. a4 $11 Qh5 11. Bd3) 10... Ba6 $15 11. Qg3 {[#]} (11. Bd3 $1 $15) 11... O-O $1 $17 12. Bf3 {To avoid Ne4} ({Better is} 12. Bd3) 12... Rac8 {Black is more active.} 13. Ne2 Ne7 14. h4 (14. a4 $17) 14... Bxe2 15. Kxe2 Qb5+ 16. Kd1 Ned5 17. Bh6 (17. Bxd5 $142 Qb2 18. Rc1 Nxd5 19. Rh3) 17... Nxc3+ $19 18. Kc1 {[%csl Gh6][%cal Rg3g7] [#]} Ne8 {Strongly threatening ...Qc4. The board is on fire. Pair of Knights!} 19. h5 (19. Bd2 $142) 19... Qc4 {Hoping for ...Ne2+.} 20. Kd2 {Prevents Ne2.} Qxd4+ 21. Ke1 Ne4 {Weighted Error Value: White=0.81/Black=0.10 (very precise)} 0-1

[Event "V Copa Marcel Duchamp 2022"]
[Site "Montevideo"]
[Date "2022.02.13"]
[Round "2.12"]
[White "Roselli Mailhe, Bernardo"]
[Black "Benitez, Andres"]
[Result "1-0"]
[WhiteElo "2426"]
[BlackElo "1978"]
[Annotator "TA"]
[PlyCount "99"]
[EventDate "2022.02.12"]
[EventCountry "URU"]
[SourceTitle "playchess.com"]
[Source "ChessBase"]
[SourceQuality "1"]

{[%evp 19,99,11,21,12,17,9,9,0,0,-10,-2,-18,0,6,5,0,6,-26,-22,-25,0,-16,42,29,22,62,49,0,0,-14,-14,-35,7,-6,0,-1,0,0,0,0,44,49,29,50,36,59,58,68,111,111,111,111,111,111,111,111,111,111,111,111,111,111,111,111,133,111,111,111,111,111,111,111,111,89,89,92,85,62,468,286,29970,12111]} 1. d4 d5 2. c4 dxc4 3. Nf3 Nf6 4. e3 e6 5. Bxc4 c5 6. O-O a6 7. Qe2 b5 8. Bd3 Nbd7 9. a4 c4 10. Bc2 Bb7 11. e4 {D28: Queen's Gambit Accepted: Classical main line: 7 Qe2 with early ...Nc6.} Be7 12. Bg5 O-O 13. Nbd2 {The position is equal.} h6 14. Bh4 Re8 15. Rfe1 {[#]} Nh5 $146 ({Predecessor:} 15... Nf8 16. e5 Nd5 17. Bxe7 Qxe7 18. Ne4 Bc6 19. Nd6 Red8 20. Be4 Qd7 21. Nd2 f5 22. Bxd5 Bxd5 {½-½ (82) Guliev,S (2524)-Markowski,T (2587) Istanbul 2003}) 16. Bxe7 Qxe7 17. axb5 axb5 18. b3 (18. Qe3 $5 {[%cal Rb2b3]}) 18... c3 19. Nf1 {[%cal Bd2f1,Bf1g3,Bg3e2][%mdl 32]} Qb4 20. Qe3 $1 Nhf6 (20... Red8 $11) 21. Ng3 $14 Rxa1 22. Rxa1 Ra8 {To avoid Ra7} 23. Rxa8+ (23. Rb1 $1 $14 {is superior.}) 23... Bxa8 $11 24. h3 Qa5 25. Ne1 {[%cal Bf3e1,Be1d3,Bd3c5][%mdl 32]} (25. d5 $5) 25... Nb8 (25... b4 $15) 26. Ne2 b4 27. f3 Qb6 28. Kf2 Bb7 29. Nd3 {[%cal Od4d5]} Ba6 (29... Na6 $11) 30. d5 $1 $14 Qa5 31. dxe6 fxe6 32. Qc5 {Prevents Nc6.} Qxc5+ 33. Nxc5 e5 (33... Bxe2 $14 {should be considered.} 34. Kxe2 e5) 34. Nc1 $16 Bb5 35. Na2 Nc6 {[#]} 36. Bd3 $1 Bxd3 37. Nxd3 Nd7 38. Naxb4 Nxb4 39. Nxb4 {[%mdl 4096] Endgame Black must now prevent Nd3. KN-KN} Nc5 {To avoid Nd3} 40. Na2 {And now b4 would win.} Nxb3 {Threatens to win with ...c2.} 41. Nxc3 Kf7 42. Na4 g5 43. Ke3 Nd4 44. Nb2 Nc2+ 45. Kd2 Nd4 46. Nc4 Kf6 47. Kd3 h5 48. Ne3 Ne6 $2 {[%mdl 8192]} ({Black should try} 48... Kf7 $14) 49. Kc4 $18 Nf4 {[#]} (49... Nd4 $18 50. Kd5 Nb5) 50. Nd5+ $1 {Weighted Error Value: White=0.07 (flawless) /Black=0.49} 1-0